Weakly differentiable mappings between manifolds /
Guardado en:
| Otros Autores: | |
|---|---|
| Formato: | Libro |
| Idioma: | English |
| Publicado: |
Providence, R.I. :
American Mathematical Society,
c2008.
|
| Series: | Memoirs of the American Mathematical Society,
no. 899 |
| Materias: | |
| Etiquetas: |
Agregar Etiqueta
Sin Etiquetas, Sea el primero en etiquetar este registro!
|
| LEADER | 00894cam a2200241 a 4500 | ||
|---|---|---|---|
| 001 | MAT.inmabb004810 | ||
| 008 | 071106s2008####riu######b####000#0#eng## | ||
| 005 | 20171010165513.0 | ||
| 245 | 0 | 0 | |a Weakly differentiable mappings between manifolds / |c Piotr Hajlasz ... [et al.]. |
| 260 | |a Providence, R.I. : |b American Mathematical Society, |c c2008. | ||
| 300 | |a vii, 72 p. ; |c 26 cm. | ||
| 440 | 0 | |a Memoirs of the American Mathematical Society, |x 0065-9266 ; |v no. 899 | |
| 504 | |a Incluye referencias bibliográficas (p. 71-72). | ||
| 510 | 4 | |a MR, |c 2010j:42001 | |
| 020 | |a 9780821840795 | ||
| 020 | |a 0821840797 | ||
| 700 | 1 | |a Hajlasz, Piotr, |d 1966- | |
| 650 | 0 | |a Differentiable manifolds. | |
| 650 | 0 | |a Sobolev spaces. | |
| 084 | |a 42-02 (42B30 46E35 47H11 58D15 74B20) |2 msc2000 | ||
| 010 | |a 2007060584 | ||
| 040 | |a DLC |c DLC |d YDX |d YDXCP |d BAKER |d ORE |d BTCTA |d DLC | ||
| 859 | |k H |p MAMS-899 |b BIB. MATEMATICA | ||
